Yasalarla AKP yıkımına karşı oy (Record no. 2310)

MARC details
000 -BAŞLIK
Sabit Uzunlukta Kontrol Alanı 01897na a2200397 4500
001 - KONTROL NUMARASI
Denetim Alanı 14807
003 - KONTROL NUMARASI IDENTIFIER
Denetim Alanı MIRAKIL
005 - SON İŞLEM TARİHİ VE ZAMANI
Denetim Alanı 20181213154853.0
008 - SABİT-BOY VERİ ELEMANLARI - GENEL BİLGİLER
Sabit Uzunlukta Kontrol Alanı 161018b tu 000 0
035 ## - SİSTEM KONTROL NUMARASI
Sistem Kontrol Numarası 14807
040 ## - KATALOGLAMA KAYNAK
Orijinal Kataloglama Ajansı Milas
Kataloglama Dili tur
Metne Dönüştürmek Ajansı TR-AnCHP
041 ## - DİL KODU
Metin / Ses Parça Veya Ayrı Başlığın Dil Kodu tur
082 ## - DEWEY ONLU SINIFLANDIRMA NUMARASI
Sınıflandırma Numarası CHP 351.722
Ürün Numarası C36y [t.y.]
090 ## - SINIFLAMA NUMARASI
Sınıflama Numarası CHP 351.722 C36y [t.y.]
110 ## - ANA GİRİŞ - KURUMSAL ADI
Giriş Elemanı Olarak Kurumsal Ad Veya Yargı Alanı Adı Cumhuriyet Halk Partisi (CHP)
245 ## - BAŞLIK TABLOSU
Başlık Yasalarla AKP yıkımına karşı oy
Sorumluluk Tablosu, Vb [hazırlayan] CHP TBMM Grubu
260 ## - YAYIN, DAĞITIM, VB
Yayın, Dağıtım, Vb Yeri [Ankara]
Yayıncı, Dağıtıcı, Vs Adı CHP
Yayın, Dağıtım, Vb Tarihi [t.y.]
300 ## - FİZİKSEL TANIM
Kapsam 2 c.
Diğer Fiziksel Ayrıntıları tbl.,grf.
Boyutlar 30 sm.
490 ## - SERİSİ TABLOSU
Seri Beyanı Cumhuriyet Halk Partisi yayınları
500 ## - GENEL NOT
Genel Not c. 1: 22. Dönem TBMM Plan ve Bütçe Komisyonu raporlarında Cumhuriyet Halk Partisi milletvekillerinin karşı oy yazıları -- c. 2: 23. Dönem TBMM Plan ve Bütçe Komisyonu raporlarında Cumhuriyet Halk Partisi milletvekillerinin karşı oy yazıları.
610 ## - KONU KATMA GİRİŞ - TOPLANTI ADI
Giriş Elemanı Olarak Kurumsal Ad Veya Yargı Alanı Adı Plan ve Bütçe Komisyonu
Genel Alt Bölüm Plan ve bütçe raporları
Kronolojik Alt Bölüm Karşı oy
610 ## - KONU KATMA GİRİŞ - TOPLANTI ADI
Giriş Elemanı Olarak Kurumsal Ad Veya Yargı Alanı Adı CHP
Genel Alt Bölüm Bütçe kanun tasarıları
Kronolojik Alt Bölüm İktidar eleştirisi
610 ## - KONU KATMA GİRİŞ - TOPLANTI ADI
Giriş Elemanı Olarak Kurumsal Ad Veya Yargı Alanı Adı CHP
Genel Alt Bölüm Plan ve bütçe raporları
Kronolojik Alt Bölüm Karşı oy yazıları
650 ## - KONU KATMA GİRİŞ - TOPİKAL DÖNEM
Topikal Süreli Veya Coğrafi Ad Giriş Elemanı Siyasal partiler
Genel Alt Bölümü Bütçe kanun tasarıları
Kronolojik Alt Bölümü Karşı oy
Coğrafi Alt Bölümü Türkiye
650 ## - KONU KATMA GİRİŞ - TOPİKAL DÖNEM
Topikal Süreli Veya Coğrafi Ad Giriş Elemanı Bütçe
Genel Alt Bölümü Hukuk ve mevzuat
Kronolojik Alt Bölümü Karşı oy
740 ## - KATMA GİRİŞ - KONTROLSUZ İLGİLİ / ANALİTİK BAŞLIK
Kontrol Edilmeyen / İlgili Analitik Başlıktaki AKP yıkımına karşı oy
740 ## - KATMA GİRİŞ - KONTROLSUZ İLGİLİ / ANALİTİK BAŞLIK
Kontrol Edilmeyen / İlgili Analitik Başlıktaki CHP karşı oy yazıları
740 ## - KATMA GİRİŞ - KONTROLSUZ İLGİLİ / ANALİTİK BAŞLIK
Kontrol Edilmeyen / İlgili Analitik Başlıktaki TBMM Plan ve Bütçe Komisyonu raporlarında Cumhuriyet Halk Partisi milletvekillerinin karşı oy yazıları
740 ## - KATMA GİRİŞ - KONTROLSUZ İLGİLİ / ANALİTİK BAŞLIK
Kontrol Edilmeyen / İlgili Analitik Başlıktaki 23. Dönem TBMM Plan ve Bütçe Komisyonu raporlarında Cumhuriyet Halk Partisi milletvekillerinin karşı oy yazıları
740 ## - KATMA GİRİŞ - KONTROLSUZ İLGİLİ / ANALİTİK BAŞLIK
Kontrol Edilmeyen / İlgili Analitik Başlıktaki 22. Dönem TBMM Plan ve Bütçe Komisyonu raporlarında Cumhuriyet Halk Partisi milletvekillerinin karşı oy yazıları
810 ## - SERİSİ EKLENDİ GİRİŞ - KURUMSAL ADI
Giriş Elemanı Olarak Kurumsal Ad Veya Yargı Alanı Adı Cumhuriyet Halk Partisi (CHP)
830 ## - SERİSİ EKLENDİ GİRİŞ - ÜNİFORM ADI
Üniforma Başlık CHP yayınları
942 ## - EKLENDİ GİRİŞ ELEMANLARI (KOHA)
Sınıflandırma Veya Raf Düzeni Kaynak Dewey Decimal Classification
Koha Öğesi Türü Books
999 ## - SİSTEM KONTROL NUMARALARI (KOHA)
Koha Biblionumber 2310
Koha Biblioitemnumber 2310
657 ## - INDEX SÜRE - İŞLEVİ
-- CHP karşı oy yazısı
657 ## - INDEX SÜRE - İŞLEVİ
-- CHP karşı oy yazıları
Holdings
Kalıcı Konum Mevcut Konum Edinme Tarihi Edinim Kaynak Toplam Check-Out'Lar Tam Çağrı Numarası Barkod Tarih Son Görülme İtibaren Geçerli Fiyatlar Koha Öğesi Türü Seri Numaralandırma / Kronolojik Kopya Sayısı
CHP Kütüphanesi CHP Kütüphanesi 09/01/2016 Bağış   CHP 351.722 C36y [t.y.] 003152 09/01/2016 09/01/2016 Books    
CHP Kütüphanesi CHP Kütüphanesi 10/14/2016 Bağış   CHP 351.722 C36y [t.y.] 006887 10/14/2016 10/14/2016 Books c.2 k.2
CHP Kütüphanesi CHP Kütüphanesi 10/14/2016 Bağış   CHP 351.722 C36y [t.y.] 006888 10/14/2016 10/14/2016 Books   k.3
CHP Kütüphanesi CHP Kütüphanesi 10/14/2016 Bağış   CHP 351.722 C36y [t.y.] 006889 10/14/2016 10/14/2016 Books   k.4